| 000 | 00636nam a22002417a 4500 | ||
|---|---|---|---|
| 001 | 14422 | ||
| 003 | BD-JhCC | ||
| 005 | 20251030122524.0 | ||
| 008 | 251030b |||||||| |||| 00| 0 eng d | ||
| 020 | _a9780141397399 | ||
| 035 | _a(BD-JhCC) 14422 | ||
| 040 |
_aBD-JhCC _dBD-JhCC |
||
| 041 | _aeng | ||
| 082 |
_223 _a808.87 _bLES |
||
| 100 | _aLeskov,Nikolay | ||
| 245 |
_aThe steel flea / _cNikolay Leskov |
||
| 260 |
_a London: _bPenguin Classics, _c2015 |
||
| 300 |
_a52 p.; _c16 cm. _ePaper |
||
| 490 |
_a Penguin little black classics, _vNo. 40 |
||
| 650 | _aHumorous fiction | ||
| 650 | _aHumorous stories | ||
| 942 |
_2ddc _cBK |
||
| 999 |
_c14422 _d14422 |
||